| 000 | 00643cam a2200217 4500 | ||
|---|---|---|---|
| 999 |
_c123862 _d123862 |
||
| 005 | 20180305104228.0 | ||
| 008 | s1995 arg spa | ||
| 020 | _a9505181736 | ||
| 050 |
_aHM66 _bS34 1995 |
||
| 100 | 1 | _aSchutz, Alfred | |
| 245 | 3 |
_aEl Problema de la realidad social / _cAlfred Schutz ; comp. Maurice Natanson |
|
| 250 | _a2a ed. | ||
| 260 |
_aBuenos Aires, Argentina : _bAmorrortu, _c1995 |
||
| 300 |
_a326 p. ; _c22 cm. |
||
| 500 | _a1 Ejemplar | ||
| 504 | _aIncluye bibliografia e indice | ||
| 650 | 4 | _aSociologia | |
| 650 | 4 |
_aCiencias Sociales _xInvestigacion |
|
| 700 | 1 | _aNatanson, Maurice, comp. | |
| 942 |
_2lcc _cLIB |
||